| 000 | 00454nam a2200181Ia 4500 | ||
|---|---|---|---|
| 003 | OSt | ||
| 005 | 20221220152544.0 | ||
| 008 | 210210b1931 xxu||||| |||| 00| 0 eng d | ||
| 040 | _cAL | ||
| 041 | _aeng | ||
| 082 | _a954/4 | ||
| 100 |
_aAIYANGAR (K S) _967045 |
||
| 245 | _aHindu administrative institutions in south India | ||
| 260 |
_aMadras _bUniversity of Mysore _c1931 |
||
| 690 |
_aIndian History _967046 |
||
| 906 | _a025764 | ||
| 942 |
_2ddc _cBK |
||
| 999 |
_c151675 _d151675 |
||